Länder mit den niedrigsten Bildungsausgaben im Vergleich zum BIP - Statistiken

Allgemein
  • Dieses Quiz wurde 66 mal gespielt
  • Das Durchschnittsergebnis liegt bei 9 aus 20
Antwortstatistiken
Platz Land Anteil der Ausgaben vom BIP Kontinent % Korrekt
6. Demokratische Republik Kongo 1,5% Afrika
86%
14. Sudan 2,2% Afrika
79%
2. Südsudan 1% Afrika
74%
10. Eritrea 2,1% Afrika
70%
14. Guinea 2,2% Afrika
61%
10. Gambia 2,1% Afrika
60%
3. Zentralafrikanische Republik 1,2% Afrika
60%
17. Liberia 2,3% Afrika
54%
17. Libyen 2,3% Afrika
54%
10. Guinea-Bissau 2,1% Afrika
53%
1. Äquatorialguinea 0,6% Afrika
51%
4. Sambia 1,3% Afrika
51%
9. Bangladesch 2% Asien
42%
14. Myanmar 2,2% Asien
35%
8. Kambodscha 1,9% Asien
30%
6. Monaco 1,5% Europa
28%
10. Liechtenstein 2,1% Europa
19%
17. Armenien 2,3% Asien
14%
4. Vereinigte Arabische Emirate 1,3% Asien
14%
17. Bahrain 2,3% Asien
11%
Keine übereinstimmenden Quizze gefunden
Verteilung der Resultate
Anzahl Personen mit jedem Resultat
Perzentil nach korrekt beantworteten Fragen
Ihre Resultats-Entwicklung
Sie haben dieses Quiz noch nicht gespielt